mysqli: Table './ulib62015/stat_globaluid' is marked as crashed and should be repaired
select id from stat_globaluid where statuid='20260517142729_1388'
mysqli: Table './ulib62015/stat_globaluid' is marked as crashed and should be repaired
DELETE FROM stat_globaluid
WHERE id NOT IN (
SELECT id
FROM (
SELECT id
FROM stat_globaluid
ORDER BY id DESC
LIMIT 100
) foo
);
mysqli: Table './ulib62015/stat_globaluid' is marked as crashed and should be repaired
insert into stat_globaluid set
statuid='20260517142729_1388',
dt='1779002849',
phpself='/ULIB62015/dublinfull.php',
agent='Mozilla/5.0 AppleWebKit/537.36 (KHTML, like Gecko; compatible; ClaudeBot/1.0; +claudebot@anthropic.com)',
yea='2026',
mon='5',
dat='17',
ip='216.73.216.45'
mysqli: Table './ulib62015/stathist_viewbib_bib_type' is marked as crashed and should be repaired
insert into stathist_viewbib_bib_type set
dat='17' ,
mon='05' ,
yea='2026' ,
statuid='20260517142729_1388' ,
head='13399120505' ,
foot='marc' ,
dt='1779002849'
| LEADER : 00000nam 2200000uu 4500 |
| 001 13399120505 |
| 003 ULIB |
| 008 130202s2555||||th 000 0 tha d |
| 020 ^a9789749510339
|
| 060 4 ^aQV4^bภ781 2555
|
| 245 00 ^aเภสัชวิทยา :^bเนื้อหาสำคัญและแบบฝึกหัด = Pharmacology :principles and exercises /^cบรรณาธิการ ณัฐวุธ สิบหมู่
|
| 246 31 ^aPharmacology : principles and exercises
|
| 250 ^aแก้ไขปรับปรุงครั้งที่ 1
|
| 260 ^aกรุงเทพฯ :^bโฮลิสติก พับลิชชิ่ง,^c2555
|
| 300 ^a[10], 876 หน้า :^bภาพประกอบ;^c29 ซม.
|
| 650 4 ^aเภสัชวิทยา
|
| 650 4 ^aเภสัชวิทยา^xข้อสอบ
|
| 700 0 ^aณัฐวุธ สิบหมู่,^eบรรณาธิการ
|
| 945 ^p600^l0^i020336
|
| 945 ^p0^l0^i020337
|
| 945 ^p0^l0^i020662 |
| 999 ^aยมมะณา จันทร์ฉิม
|
| คุณยังไม่ได้ล็อกอิน คุณสามารถมีกิจกรรมร่วมกับเว็บไซต์ได้ แต่ต้องล็อกอินก่อน :: |
|
|
|
| ลำดับที่ |
ประเภท |
เลขเรียก/บาร์โค้ด |
สถานที่ |
สถานะ |
| 1. |
 หนังสือ | QV4 ภ781 2555 ฉ.1 Barcode: 020336 | หนังสือทั่วไป | บนชั้น ขอยืม |
| 2. |
 หนังสือ | QV4 ภ781 2555 ฉ.2 Barcode: 020337 | หนังสือทั่วไป | บนชั้น ขอยืม |
| 3. |
 หนังสือ สถานะ=หาย | QV4 ภ781 2555 ฉ.3 Barcode: 020662 | หนังสือทั่วไป | บนชั้น ขอยืม |
รายการใกล้เคียง
หัวเรื่อง [เภสัชวิทยา]
|
|
ยังไม่เคยถูกคอมเมนท์
|
| คอมเมนท์ทรัพยากรรายการนี้ |
|